Malta in Eurovision (1971-2025) - Statistics

General Stats
  • This quiz has been taken 8 times
  • The average score is 17 of 38
Answer Stats
Year Song title Result % Correct
2002 7th Wonder 2
71%
2025 Serving 17
71%
2009 What If We 22
71%
2005 Angel 2
57%
2014 Coming Home 23
57%
2000 Desire 8
57%
2021 Je me casse 7
57%
1972 L-imħabba 18
57%
1992 Little Child 3
57%
2024 Loop 16 (SF)
57%
1971 Marija l-Maltija 18
57%
2011 One Life 11 (SF)
57%
2016 Walk on Water 12
57%
2015 Warrior 11 (SF)
57%
2020 All of My Love N/A
43%
2001 Another Summer Night 9
43%
2017 Breathlessly 16 (SF)
43%
2019 Chameleon 14
43%
2022 I Am What I Am 16 (SF)
43%
2006 I Do 24
43%
1997 Let Me Fly 9
43%
1994 More Than Love 5
43%
2010 My Dream 12 (SF)
43%
2004 On Again... Off Again 12
43%
1975 Singing This Song 12
43%
2018 Taboo 13 (SF)
43%
1998 The One That I Love 3
43%
2013 Tomorrow 8
43%
2007 Vertigo 25 (SF)
43%
2008 Vodka 14 (SF)
43%
1999 Believe 'n Peace 15
29%
2023 Dance (Our Own Party) 15 (SF)
29%
1996 In a Woman's Heart 10
29%
2012 This Is the Night 21
29%
1993 This Time 8
29%
2003 To Dream Again 25
29%
1991 Could It Be 6
14%
1995 Keep Me in Mind 10
14%
No matching quizzes found
Score Distribution
Percent of People with Each Score
Percentile by Number Answered
Your Score History
You have not taken this quiz